El conde lucanor /

Guardado en:
Autor Principal: Juan Manuel, Infante Don
Formato: Libro
Publicado: Argentina : Kapelusz, 1965
Materias:
Etiquetas: Agregar Etiqueta
Sin Etiquetas, Sea el primero en etiquetar este registro!
LEADER 00596nam a22002055a 4500
001 CEM.cems003523
005 19000101000000.0
008 130507s1965##################000#0#####d
003 CEMS
082 0 4 |a 863.1 
100 1 |a Juan Manuel, Infante Don 
245 1 0 |a El conde lucanor / 
260 |a Argentina :  |b Kapelusz,  |c 1965 
300 |a 97 p. 
653 |a Cuentos 
653 |a Cuentos españoles-siglo 14 
653 |a Literatura 
653 |a Literatura castellana 
859 |a CEMS  |b BIB. CEMS - 11 de abril  |h 863.1  |i J87  |p 4458.75  |t Ej.1 
859 |a CEMS  |b BIB. CEMS - 11 de abril  |h 863.1  |i J87  |p 4459.75  |t Ej.2